000 00548njm a2200205 i 4500
001 C2-0292357
003 PPAK
005 20180729152445.0
008 081230s2005 my |||| ||||| | may d
040 _aPPAK
_beng
_cPPAK
_erda
245 0 0 _aAdibah Noor - Terlalu Istimewa
264 1 _aKuala Lumpur :
_bSony BMG Music Entertainment ,
_c2005
336 _2rdacontent
_atext
337 _2rdamedia
_aunmediated
338 _2rdacarrier
_avolume
500 _aCD 0960/08
650 1 0 _aPopular music, Malay
700 _eauthor
942 _ddc
_cB
999 _c163751
_d163751